000 00326nam a2200145Ia 4500
008 210210b1953 xxu||||| |||| 00| 0 eng d
041 _aeng
082 _a879/216
100 _aYASHPAL
245 _aRajyadrohi
260 _a
_bNot Mentioned
_c1953
650 _aRajyadrohi
690 _aMalayalam Fiction
906 _a002854
999 _c124967
_d124967